=LDR 00000nam 2200000 4500 =001 INLIS00000000000006 =005 20260701142206 =100 1#$$a Sardjono =245 1 $$a Peranan olah raga dalam pembangunan manusia Indonesia seutuhnya /$c Sardjono =260 ##$$a Jakarta :$b 86-1133/923/87,$c 1986 =300 ##$$a 38 hlm. ; 21 cm.